000 00621nam a2200241Ia 4500
003 OSt
005 20221005131340.0
006 a|||||r|||| 00| 0
007 ta
008 221004b |||||||| |||| 00| 0 tam d
024 _a48419
037 _cTextual
040 _aCRL
_cCRL
_btam
041 _2tam
_atam
082 _aO31,1K30,1x, L2
100 _aRamaswamy Au.
_939321
245 0 _aSivaprakasa swamikal panuval thirattu
260 _c1972
650 _a TAMIL POETRY
650 _aTAMIL LITERATURE
942 _hO31,1K30,1x, L2
_cTEXL
_2cc
999 _c1060069
_d1060069